| Tag |
First Indicator |
Second Indicator |
Subfields |
| LEADER |
00000nam a22000004i 4500 |
| 001 |
in00004687321 |
| 006 |
m o d |
| 007 |
cr |n||||||||| |
| 008 |
220501t20222022maua ob 001 0 eng d |
| 005 |
20260214212556.2 |
| 020 |
|
|
|a 9781119711568
|q electronic book
|
| 020 |
|
|
|a 1119711568
|q electronic book
|
| 020 |
|
|
|a 9781119711544
|q electronic book
|
| 020 |
|
|
|a 1119711541
|q electronic book
|
| 020 |
|
|
|z 1119711533
|q hardcover
|
| 020 |
|
|
|z 9781119711537
|q hardcover
|
| 035 |
|
|
|a wil6007436
|
| 035 |
|
|
|a (NhCcYBP)wil6007436
|
| 040 |
|
|
|a NhCcYBP
|b eng
|e rda
|c NhCcYBP
|
| 050 |
|
4 |
|a QH205.2
|b .D53 2022
|
| 082 |
0 |
4 |
|a 502.8/2
|2 23/eng/20220607
|
| 245 |
0 |
0 |
|a Diatom microscopy /
|c edited by Nirmal Mazumder and Richard Gordon.
|
| 264 |
|
1 |
|a Beverly, MA :
|b Scrivener Publishing ;
|a Hoboken, NJ :
|b John Wiley & Sons, Inc.,
|c 2022.
|
| 264 |
|
4 |
|c ©2022
|
| 300 |
|
|
|a 1 online resource :
|b illustrations (chiefly color)
|
| 336 |
|
|
|a text
|b txt
|2 rdacontent
|
| 337 |
|
|
|a computer
|b c
|2 rdamedia
|
| 338 |
|
|
|a online resource
|b cr
|2 rdacarrier
|
| 504 |
|
|
|a Includes bibliographical references and index.
|
| 588 |
|
|
|a Description based on online resource; title from digital title page (viewed on June 07, 2022).
|
| 650 |
|
0 |
|a Microscopy
|x Methods.
|
| 650 |
|
0 |
|a Diatoms.
|
| 700 |
1 |
|
|a Mazumder, Nirmal,
|e editor.
|
| 700 |
1 |
|
|a Gordon, Richard,
|e editor.
|
| 776 |
0 |
8 |
|c Original
|z 1119711533
|z 9781119711537
|
| 856 |
4 |
0 |
|u http://proxy.library.tamu.edu/login?url=https://onlinelibrary.wiley.com/book/10.1002/9781119711568
|z Connect to the full text of this electronic book
|t 0
|
| 955 |
|
|
|a Wiley EBA record
|
| 975 |
|
|
|p Wiley UBCM Full Collection 2026
|
| 999 |
f |
f |
|s 02853027-ed72-4ba7-9b5f-ad4119dc8056
|i 9ef92c95-952b-463a-b3d1-d12daf3c8db9
|t 0
|
| 952 |
f |
f |
|a Texas A&M University
|b College Station
|c Electronic Resources
|s evans_pda
|d Available Online
|t 0
|e QH205.2 .D53 2022
|h Library of Congress classification
|
| 998 |
f |
f |
|a QH205.2 .D53 2022
|t 0
|l Available Online
|